Fr. Conceicao Rodrigues College of Engineering

Welding Skills & Practices (Record no. 23214)

MARC details
000 -LEADER
fixed length control field 00262nam a2200121Ia 4500
100 ## - MAIN ENTRY--PERSONAL NAME
Personal name Giachino/J.W.
245 ## - TITLE STATEMENT
Title Welding Skills & Practices
260 ## - PUBLICATION, DISTRIBUTION, ETC.
Name of publisher, distributor, etc. Taraporevala Sons & Co
Date of publication, distribution, etc. 2001
300 ## - PHYSICAL DESCRIPTION
Extent 342
546 ## - LANGUAGE NOTE
Language note ENGLISH
654 ## - SUBJECT ADDED ENTRY--FACETED TOPICAL TERMS
Focus term Welding
942 ## - ADDED ENTRY ELEMENTS (KOHA)
Koha item type BOOK
Holdings
Withdrawn status Lost status Damaged status Not for loan Collection Home library Current library Date acquired Cost, normal purchase price Inventory number Total Checkouts Full call number Barcode Date last seen Cost, replacement price Price effective from Koha item type
        AFT Fr. Agnel's C.Rodrigues College of Engineering Fr. Agnel's C.Rodrigues College of Engineering 17/03/2023 7.00 1071   AFT709 17/03/2023 7.00 17/03/2023 BOOK